| 000 | 00469nam a22001817a 4500 | ||
|---|---|---|---|
| 005 | 20140918111635.0 | ||
| 010 | _aENG-110836 | ||
| 020 |
_a9789384381561 _c310.00 |
||
| 035 | _aEN-94368 | ||
| 037 | _bDBAD/PUB | ||
| 082 | _aN | ||
| 100 | _aSirpy | ||
| 245 |
_aSmashed : _cby Sirpy _ba novel / |
||
| 260 |
_aNew Delhi _bNotion Press _c2014 |
||
| 270 |
_a5 Muthu Kalathy Street, Triplicane _bChennai _e600005 |
||
| 300 |
_a328p. _c22cm(pbk) |
||
| 942 |
_2ddc _cEN _mSIR _hN |
||
| 999 |
_c88569 _d88569 |
||